ბათუმის შოთა რუსთაველის სახელმწიფო უნივერსიტეტის ბიბლიოთეკა

Synonymwörterbuch : (ბიბ.ჩანაწერი № 63339)

000 -LEADER
fixed length control field 00562nam a22001577a 4500
005 - DATE AND TIME OF LATEST TRANSACTION
control field 20250919151227.0
008 - FIXED-LENGTH DATA ELEMENTS--GENERAL INFORMATION
fixed length control field 250919s1989 gw ||||| |||| 00| 0 goh d
020 ## - INTERNATIONAL STANDARD BOOK NUMBER
International Standard Book Number 3323000331x
041 ## - LANGUAGE CODE
Language code of text/sound track or separate title goh
080 ## - UNIVERSAL DECIMAL CLASSIFICATION NUMBER
Universal Decimal Classification number 81'374.221=112 S-98
245 ## - TITLE STATEMENT
Title Synonymwörterbuch :
Remainder of title Sinnverwandte Ausdrücke der deutschen Sprache.
264 ## - PRODUCTION, PUBLICATION, DISTRIBUTION, MANUFACTURE, AND COPYRIGHT NOTICE
Place of production, publication, distribution, manufacture Leipzig :
Name of producer, publisher, distributor, manufacturer VEB Bibliographisches Institut,
Date of production, publication, distribution, manufacture, or copyright notice 1989.
300 ## - PHYSICAL DESCRIPTION
Extent 643 p.;
Other physical details 22 cm.
653 ## - INDEX TERM--UNCONTROLLED
keyword სინონიმების ლექსიკონი გერმანულ ენაში
942 ## - ADDED ENTRY ELEMENTS (KOHA)
Source of classification or shelving scheme
Koha item type წიგნი
ეგზემპლარები
Withdrawn status Lost status Source of classification or shelving scheme Damaged status Not for loan Permanent Location Current Location Shelving location Date acquired Cost, normal purchase price Full call number Barcode Date last seen Copy number Price effective from Koha item type Public note
          ბათუმის შოთა რუსთაველის სახელმწიფო უნივერსიტეტის მთავარი ბიბლიოთეკა ბათუმის შოთა რუსთაველის სახელმწიფო უნივერსიტეტის მთავარი ბიბლიოთეკა წიგნსაცავი 2025-09-19 10.00 81'374.221=112 S-98 72370 2025-09-19 72370 2025-09-19 წიგნი 10 ლ.